[Event "CFriend MZ-2004-2-00002 email"]
[Site "Chessfriend.com"]
[Date "2004.08.28"]
[Round "1"]
[White "Leaua, Cristinel Costel"]
[Black "Mary, Patrick"]
[Result "0-1"]
[WhiteElo "1986"]
[BlackElo "2074"]
[PlyCount "46"]
[EventDate "2004.??.??"]
[EventType "tourn (corr)"]
[EventRounds "6"]
[SourceTitle "Corr 2024"]
[Source "ChessBase"]
[SourceDate "2023.10.19"]
[SourceVersion "1"]
[SourceVersionDate "2023.10.19"]
[SourceQuality "1"]

1. e4 e6 2. d4 d5 3. exd5 exd5 4. c4 Nf6 5. Nc3 Bb4 6. Nf3 Nc6 7. a3 Bxc3+ 8. bxc3 0-0 9. Be2 Ne4 10. Bb2 dxc4 11. Bxc4 Bg4 12. 0-0 Bxf3 13. gxf3 Nd6 14. Bd3 Qh4 15. Bc1 Rae8 16. Kh1 Ne7 17. Rg1 Qxf2 18. Bg5 Qb2 19. Bd2 Ng6 20. Rb1 Qxa3 21. Qc2 Qa5 22. Rg5 b5 23. c4 Qa4 0-1

[Event "CFriend MZ-2004-2-00002 email"]
[Site "Chessfriend.com"]
[Date "2004.08.28"]
[Round "1"]
[White "Marez, Sebastien"]
[Black "Leaua, Cristinel Costel"]
[Result "1-0"]
[WhiteElo "2333"]
[BlackElo "1986"]
[PlyCount "67"]
[EventDate "2004.??.??"]
[EventType "tourn (corr)"]
[EventRounds "6"]
[SourceTitle "Corr 2024"]
[Source "ChessBase"]
[SourceDate "2023.10.19"]
[SourceVersion "1"]
[SourceVersionDate "2023.10.19"]
[SourceQuality "1"]

1. e4 c5 2. Nf3 d6 3. d4 cxd4 4. Nxd4 Nf6 5. Nc3 a6 6. Be3 e5 7. Nb3 Be6 8. f3 Nbd7 9. Qd2 b5 10. 0-0-0 Be7 11. g4 Nb6 12. g5 Nfd7 13. f4 exf4 14. Bxf4 Ne5 15. h4 0-0 16. Nd4 Qc7 17. Nxe6 fxe6 18. Bh3 Qc4 19. b3 Qb4 20. Bxe6+ Kh8 21. Rhf1 a5 22. Nd5 Nxd5 23. Bxd5 Qa3+ 24. Kb1 Rac8 25. Qc1 Qc5 26. Be3 Qc7 27. h5 a4 28. Rxf8+ Bxf8 29. Qd2 Be7 30. Rf1 Ng4 31. h6 g6 32. Bd4+ Ne5 33. Qf4 axb3 34. cxb3 1-0